| 000 | 00994nam a2200277 i 4500 | ||
|---|---|---|---|
| 001 | 106060 | ||
| 003 | ES-MaACL | ||
| 005 | 20250801164031.0 | ||
| 007 | t| | ||
| 008 | 060925q1904 fr ||||1| fre d | ||
| 080 | _a82 | ||
| 080 | _a330.84:82 | ||
| 100 | 1 |
_aGros, J.-M. _eaut _960154 |
|
| 245 | 1 | 3 |
_aLe mouvement littéraire socialiste depuis 1830 / _cJ.-M. Gros |
| 260 |
_aParis : _bAlbin Michel, _c[ca. 1904] |
||
| 300 |
_a322 páginas ; _c19 cm |
||
| 530 | _aDisponible en formato digital | ||
| 650 | 7 |
_aLiteratura y política _2embne _914675 |
|
| 650 | 4 |
_aSocialismo- _zFrancia- _yS.XIX _917162 |
|
| 852 |
_aES-MaACL _bR.110015 _cDEPO2 _fBiblioteca Juan Andrade _hLegado Juan Andrade _jAND-719 |
||
| 856 |
_uhttps://gallica.bnf.fr/ark:/12148/bpt6k2984382 _yVersión en línea _z(Gallica. Bibliothèque nationale de France) |
||
| 942 |
_2udc _cMONOGRAFIA _n0 |
||
| 999 |
_c106060 _d106060 |
||